000 00291nam a22001337a 4500
008 170811b xxu||||| |||| 00| 0 eng d
020 _a047116240-X
041 _aeng
080 _23RD
_a51
100 _a36
101 _aMAT
245 _aSAMPING TECHNIQUES
_cCOCHRAN,W.G
942 _2udc
_cBK
999 _c23248
_d23248